000 00157nam a22000617a 4500
999 _c24708
_d24708
003 Nust
005 20170314122403.0
008 140829b xxu||||| |||| 00| 0 eng d
040 _aDLC
_bDLC
_cRCMS
082 _a512AGR
100 _aAgrwal Parkash Om
245 _aThe Best Test Preparation For The Graduate Record Examination Gre Mathematics
300 _axiv,340,p:
_bill
_c26,cm.
650 _aGRE Mathematics
856 _3Table of Content only
942 _2ddc
_cBK
_k512AGR
_m512AGR